01494nam a22001577a 4500003000900000005001700009008004100026040001300067100005800080245012800138250000800266260002200274300002000296490000600316520101400322IT-RoPau20220918175937.0130109b xxu||||| |||| 00| 0 eng d cIT-RoPau aAlberione [James] GiacomoqFondatore Famiglia Paolina aAbundantes divitiae gratiae suae.bHow infinetely rich he is grace (Eph 2:7). The Charismatic History of the Pauline Family aIII aBostonbFSPc1979 a136 p.c17,5 cm vI a CONTENTS Key + Titles taken from the handwritten manu- script - Titles taken from the typewritten second edition * Titles taken from the context Presentation "Abundantes Divitiae Gratiae Suae" Moments of Greater Grace The Particular Mission From an Organization to a Religious- Community Life The Pauline Family Youth Divine Predilection God's Ways "Romanità€" Social Spirit Universality The Liturgical spirit Three Principal Churches Catechism Pastoral Spirit Salt...Light...City... Pauline Spirit First Preparation ...To Rome Expansiveness The Cooperators- A Gift and a Treasure Work Divine Providence The Gospel Personality Development "Do Not be Afraid..." Divine Assistance Profound Spirituality The Devotions Things To Be Achieved Thanksgiving to God Appendix Farewall Alphabetical Index (Topics-Location- Person) Index of Biblic Citations Key to the use the Sources